000 00582nam a22002057a 4500
003 OSt
005 20241029094625.0
008 241029b |||||||| |||| 00| 0 eng d
020 _a9780123750433
040 _cmust
082 _a621.367 ESS 2009
245 _aEssential Bioimaging methods/
_cedited by P.Michael Conn.
260 _aAmsterdam:
_bElsevier;
_cc2009.
300 _axv,420p.:
_bcol.ill;
_c23cm.
440 _aReliable lab solutions
_919290
500 _aIncludes index and References
650 _2Bioimaging
700 _aConn,P.Michael
_919291
942 _2ddc
_cB_BANK
999 _c9458
_d9458